000 01060nam a2200313Ia 4500
001 57262
003 CO-BoRNBP
005 20250610145628.0
007 ta
008 180109s9999 xx 000 0 und d
020 _a9788432209802
040 _aCO-BoRNBP
_bspa
_erda
_cCO-BoRNBP
041 _aspa
084 _aN AUS2
100 1 _aAuster, Paul,
_d1947-
245 1 0 _aLa invención de la soledad /
_cPaul Auster ; traducción de María Eugenia Ciocchini.
250 _aPrimera edición, reimpresión
264 1 _aBarcelona :
_bEditorial Planeta;2017
300 _a244 páginas ;
_c19 cm
336 _atexto
_btxt
_2rdacontent
337 _asin mediación
_bn
_2rdamedia
338 _avolumen
_bnc
_2rdacarrier
490 0 _aBooket : Biblioteca Paul Auster Novela
500 _aIncluye información biográfica del autor.
505 0 _aRetrato de un hombre invisible Libro de la memoria.
650 0 0 _aNovela estadounidense siglo xx audiolibros
_2LEMB
_960149
700 1 _aCiocchini, Maria Eugenia, 19..-, traductora
_960150
942 _2loc
_cBK
999 _c57262
_d57262